000 00689nam a2200217 a 4500
001 4085
003 BD-RjUL
005 20211208233830.0
008 160808s1951 nyua 000 0 eng
035 _a(BD-RjUL)4119
040 _aDLC
_cCarP
_dDLC
_dBD-RjUL
_beng
041 _aeng
082 _223
_bMAI 1951
_a339
100 1 _aMarschak, Jacob
_99516
245 1 0 _aIncome, employment, and the price level :
_bnotes on lectures given at the University of Chicago, autumn 1948 and 1949 /
_cJacob Marschak
260 _aNew York :
_bA. M. Kelley,
_cc1951.
300 _a95 p. :
_bill ;
_c26 cm.
650 0 _aNational income.
_912980
650 0 _aConsumption (Economics)
_912981
942 _2ddc
_cBK
999 _c4085
_d4085